Loading...
| Literature - World Lit | 2 | 1 | 0 | 0 | 40 | 67 | 72.67 | 1 | 3 |
| Literature - American Lit | 0 | 2 | 0 | 1 | 20 | 78 | 98.00 | 0 | 0 |
| History - World History | 0 | 2 | 0 | 0 | 20 | 85 | 99.50 | 0 | 1 |
| Other - Pop Culture | 0 | 2 | 0 | 0 | 20 | 113 | 121.00 | 0 | 1 |
| Thought - Philosophy | 1 | 1 | 1 | 0 | 20 | 50 | 66.50 | 2 | 2 |
| Science - Other Science | 1 | 0 | 0 | 0 | 15 | 30 | 30.00 | 1 | 1 |
| Beliefs - Mythology | 1 | 0 | 0 | 0 | 15 | 66 | 66.00 | 0 | 1 |
| Literature - Euro Lit | 1 | 0 | 0 | 0 | 15 | 66 | 66.00 | 1 | 1 |
| History - Euro History | 0 | 1 | 0 | 0 | 10 | 120 | 120.00 | 0 | 0 |
| Science - Physics | 0 | 1 | 0 | 0 | 10 | 94 | 94.00 | 0 | 0 |
| Beliefs - Religion | 0 | 1 | 0 | 0 | 10 | 118 | 118.00 | 0 | 0 |
| Arts - Painting | 0 | 1 | 0 | 0 | 10 | 147 | 147.00 | 1 | 1 |
| History - Other History | 0 | 1 | 0 | 1 | 10 | 131 | 131.00 | 0 | 0 |
| History - American History | 1 | 0 | 2 | 0 | 5 | 21 | 21.00 | 1 | 1 |
| Thought - Social Science | 0 | 0 | 1 | 0 | -5 | 0.00 | 0 | 0 | |
| Arts - Music | 0 | 0 | 1 | 0 | -5 | 0.00 | 0 | 0 | |
| Other - Other Academic | 0 | 0 | 2 | 0 | -10 | 0.00 | 0 | 0 |